000 00458nam a22001697a 4500
999 _c175370
_d175370
005 20200826165432.0
010 _aB-103692
020 _a8125025677
_c28.00
035 _aB-103692
082 _a480
100 _aDallas, Don
245 _aSpeak English
_cDon Dallas
_hEnglish
260 _aChennai
_bOrient Longman Private Limited
270 _a160 Anna Salai,
_aChennai-600002
300 _aiv; 88p.;20cm
942 _2ddc
_cCH
_h480
_mDAL